|
|
|
|
| LEADER |
00000nam0a2200000 4500 |
| 001 |
196495 |
| 005 |
20231031183120.0 |
| 035 |
|
|
|a (RuTPU)RU\TPU\book\214365
|
| 035 |
|
|
|a RU\TPU\book\21440
|
| 090 |
|
|
|a 196495
|
| 100 |
|
|
|a 20110524d1964 km y0rusy50 ca
|
| 101 |
1 |
|
|a rus
|c ger
|
| 102 |
|
|
|a RU
|
| 105 |
|
|
|a y z 000zd
|
| 200 |
1 |
|
|a Краткий очерк истории математики
|e пер. с нем.
|f Д. Я. Стройк
|
| 210 |
|
|
|a Москва
|c Наука
|d 1964
|
| 215 |
|
|
|a 235 с.
|
| 451 |
|
1 |
|0 (RuTPU)RU\TPU\book\21483
|y 5020143294
|t Краткий очерк истории математики
|o пер. с нем.
|f Д. Я. Стройк
|e 3-е изд.
|c М.
|n Наука
|d 1978
|p 335 с.
|a Стройк, Дирк Ян
|
| 451 |
|
1 |
|0 (RuTPU)RU\TPU\book\21441
|t Краткий очерк истории математики
|o пер. с нем.
|f Д. Я. Стройк
|e 5-е изд., испр.
|c М.
|n Наука
|d 1990
|p 256 с.
|a Стройк, Дирк Ян
|
| 610 |
1 |
|
|a математика
|
| 610 |
1 |
|
|a математическая наука
|
| 610 |
1 |
|
|a история
|
| 610 |
1 |
|
|a античность
|
| 610 |
1 |
|
|a Древний Восток
|
| 610 |
1 |
|
|a Древняя Греция
|
| 610 |
1 |
|
|a Западная Европа
|
| 610 |
1 |
|
|a 17 век
|
| 610 |
1 |
|
|a 18 век
|
| 610 |
1 |
|
|a 19 век
|
| 610 |
1 |
|
|a ученые
|
| 610 |
1 |
|
|a персоналии
|
| 675 |
|
|
|a 51(09)
|v 3
|
| 700 |
|
1 |
|a Стройк
|b Д. Я.
|g Дирк Ян
|
| 801 |
|
0 |
|a RU
|b 63413507
|c 20011209
|g PSBO
|
| 801 |
|
2 |
|a RU
|b 63413507
|c 20140425
|g PSBO
|
| 942 |
|
|
|c BK
|